Chaîne de mots géographiques - Lettre S - Statistiques

Statistiques générales
  • Ce quiz a été pris 214 fois
  • Le résultat moyen est 6 sur 15
Statistiques - réponses
Question Réponse % Correct
Victoria est la capitale de ce pays dans l'Océan Indien Seychelles
71%
Ils habitent dans la ville du Parlement européen Strasbourgeois
69%
Préfecture de l'île de la Réunion Saint-Denis
66%
Fruit de mer ou poisson accompagné de riz est une spécialité du Japon Sushis
62%
Sous préfecture de l'Aisne ayant 4 fois la lettre demandée Soissons
51%
Ville du Brésil près de Sao Paulo où à joué Pepe, Pelé et Neymar Santos
50%
Pays des Antilles Saint Christophe et Nieves
49%
Ville de Belgique dont la fête pourrait être le 6 décembre Saint Nicolas
42%
Ville du 17 féminisant un grand nombre des réponses précédentes Saintes
35%
Capitale d'un archipel des Antilles Saint-John's
34%
Saint-Georges
25%
Sous préfecture de l'Oise connue pour son site médiéval Senlis
22%
Mer de plus de 3 000 000 de km² près des Bermudes Sargasses
21%
Plus grande ville du Dakota du Sud sans en être la capitale (nom composé) Sioux Falls
6%
Ville du Canada composé d'un chiffre impair écrit en lettre Sept-Îles
3%
Aucun quiz correspondant
Distribution des résultats
% des personnes avec chaque résultat
Percentile par nombre de réponses
Votre historique - résultats
Vous n’avez pas pris ce quiz